000 00262nam a2200109Ia 4500
008 190216s9999||||xx |||||||||||||| ||und||
100 _aHameed M A
245 0 _aComplete Guide To S S L C Arabic Text
260 _bAl Huda Book Stall
650 _aArabic
942 _cBK
999 _c148
_d148